| 000 | 01344nam a22003737a 4500 | ||
|---|---|---|---|
| 003 | CHAP | ||
| 005 | 20220329133841.0 | ||
| 008 | 971013s1977 r 00010 d | ||
| 010 | _a11768 | ||
| 011 | _a12740 | ||
| 035 | _a16263 | ||
| 040 | _cCHAP | ||
| 090 | _aTesis | ||
| 100 | 0 | 0 |
_aVázquez Aguilar, José Valentín. _9120290 |
| 245 | _aRespuesta del maíz a los fertilizantes y la densidad de población en la parte oeste del estado de Tlaxcala pra el ciclo agrícola de 1976... | ||
| 260 |
_aChapingo, Méx. : _bEl autor, _c1977 |
||
| 300 | _a129 h. gráfs. | ||
| 502 | _aTesis (Ing. Agr. Esp. en Suelos) -- ENA. Departamento de Suelos | ||
| 590 |
_aALEPH _b10 _c20130110 _lUCH01 _h1229 |
||
| 590 |
_aBATCH-UPD _b10 _c20130110 _lUCH01 _h1707 |
||
| 590 |
_aBATCH-UPD _b10 _c20130410 _lUCH01 _h1054 |
||
| 590 |
_aBATCH-UPD _b10 _c20130914 _lUCH01 _h1401 |
||
| 590 |
_aCONVERSION _b10 _c20130109 _lUCH01 _h1308 |
||
| 650 | 1 | 4 |
_aFertilizantes _xEfecto en maíz. _940527 |
| 650 | 1 | 4 |
_aMaíz _xEspaciamiento. _970946 |
| 650 | 1 | 4 |
_aMaíz _xRendimiento. _971051 |
| 650 | 1 | 4 |
_aMaíz _xTlaxcala. _971071 |
| 901 | _aBK | ||
| 942 | _cFOLL | ||
| 949 |
_bBC _cTES _d-153859 _eTS1 _i16263 _si |
||
| 949 |
_bBC _cTES _d33724000695151 _eTS2 _fc.2 _i16263 _si |
||
| 949 |
_bBC _cTES _d33724000695169 _eTS2 _fc.3 _i16263 _sb |
||
| 949 |
_bS _cTESBD _d-28485 _eTS1 _i16263 _si |
||
| 999 |
_c11768 _d11768 |
||